| 000 | 01445cam a22003135a 4500 | ||
|---|---|---|---|
| 001 | ocn756895033 | ||
| 003 | OSt | ||
| 005 | 20160309125032.0 | ||
| 008 | 111006t2012 ilua frb 001 0 eng d | ||
| 020 | _a9780867155112 | ||
| 040 |
_aDNLM/DLC _beng _cDLC _dYDX _dNLM _dYDXCP _dOCLCO _dIUD _dEG-ScBUE |
||
| 041 | 1 |
_aeng _hjpn |
|
| 082 | 0 | 4 |
_222 _a617.60446 _bTSU |
| 100 | 1 |
_aTsukiboshi, Mitsuhiro, _d1952- _939504 |
|
| 240 | 1 | 0 |
_aGaishōshi no shindan to chiryō. _lEnglish. _f2012 |
| 245 | 1 | 0 |
_aTreatment planning for traumatized teeth / _cMitsuhiro Tsukiboshi. |
| 250 | _a2nd ed. | ||
| 260 |
_aHanover Park : _bQuintessence Publishing, _cc.2012. |
||
| 300 |
_avii, 231 p. : _bill. (some col.) ; _c28 cm. |
||
| 500 | _aIndex : p. 229-231. | ||
| 504 | _aIncludes bibliographical references. | ||
| 505 | 0 | _aAnatomical considerations and classification of dental trauma -- Examination and diagnosis of traumatic dental injuries -- Crown fracture -- Crown-root fracture -- Root fracture -- Subluxation -- Extrusive luxation -- Lateral luxation -- Intrusive luxation -- Transient apical breakdown -- Avulsion -- Trauma to the primary dentition -- Trauma to the supporting structures. | |
| 546 | _aText in English ; translated from original Japanese. | ||
| 650 | 0 |
_aTeeth _xWounds and injuries _xTreatment. _2BUEsh |
|
| 650 | 0 |
_aPeriodontium _xWounds and injuries _xTreatment. _2BUEsh |
|
| 651 | _2BUEsh | ||
| 653 |
_bDDent _cMarch2016 |
||
| 942 | _2ddc | ||
| 999 |
_c21352 _d21324 |
||